El gran Galeoto / (Record no. 140855)

MARC details
000 -LEADER
campo de control de longitud fija 00748nam a2200253 i 4500
001 - NÚMERO DE CONTROL
campo de control 140855
003 - IDENTIFICADOR DE NÚMERO DE CONTROL
campo de control ES-MaACL
005 - FECHA Y HORA DE LA ÚLTIMA TRANSACCIÓN
campo de control 20240409180030.0
007 - CAMPO FIJO DE DESCRIPCIÓN FÍSICA--INFORMACIÓN GENERAL
campo de control de longitud fija t|
008 - DATOS DE LONGITUD FIJA--INFORMACIÓN GENERAL
campo de control de longitud fija 070918s1989 sp ||||1| spa d
020 ## - NÚMERO INTERNACIONAL ESTÁNDAR DEL LIBRO
Número Internacional Estándar del Libro 84-376-0850-3
080 ## - NÚMERO DE LA CLASIFICACIÓN DECIMAL UNIVERSAL
Número de la Clasificación Decimal Universal 821.134.2
100 1# - ENTRADA PRINCIPAL--NOMBRE DE PERSONA
Nombre de persona Echegaray, José,
Fechas asociadas al nombre 1832-1916
9 (RLIN) 46526
245 13 - MENCIÓN DEL TÍTULO
Título El gran Galeoto /
Mención de responsabilidad, etc. José Echegaray ; edición de James H. Hoddie.
260 ## - PUBLICACIÓN, DISTRIBUCIÓN, ETC.
Lugar de publicación, distribución, etc. Madrid :
Nombre del editor, distribuidor, etc. Cátedra,
Fecha de publicación, distribución, etc. [1989]
300 ## - DESCRIPCIÓN FÍSICA
Extensión 265 p. ;
Dimensiones 18 cm.
490 1# - MENCIÓN DE SERIE
Mención de serie Letras Hispánicas ;
Designación de volumen o secuencia 305
500 ## - NOTA GENERAL
Nota general Biblioteca Jacinto Martínez Lacalle.
700 1# - ENTRADA AGREGADA--NOMBRE PERSONAL
Nombre de persona Hoddie, James H.
9 (RLIN) 63886
830 00 - PUNTO DE ACCESO ADICIONAL DE SERIE-TÍTULO UNIFORME
Título uniforme Letras hispánicas ;
Designación de volumen o secuencia 305
9 (RLIN) 235703
852 ## - LOCALIZACIÓN
Ubicación ES-MaACL
Número de control de estantería E-12134
Sublocalización o colección R.140047
942 ## - ELEMENTOS DE ENTRADA SECUNDARIOS (KOHA)
Fuente del sistema de clasificación o colocación Clasificación decimal universal
Holdings
Estatus retirado Estado de pérdida Estado de daño No para préstamo Biblioteca de origen Biblioteca actual Ubicación en estantería Fecha de adquisición Fuente de adquisición Total de préstamos Signatura topográfica completa Código de barras Visto por última vez Precio de reemplazo Tipo de ítem Koha
        Biblioteca del Ateneo de Madrid Biblioteca del Ateneo de Madrid Depósito 2 17/01/2008     E-12134 1146569 23/02/2023 23/02/2023 Libro impreso